| 000 | 00428nam a22001697a 4500 | ||
|---|---|---|---|
| 003 | SGT | ||
| 020 | _a9789350904206 | ||
| 082 |
_a615.7 _bE21T |
||
| 100 | _aTripathi, K. D. | ||
| 245 | _aEssentials of Pharmacology for Dentistry | ||
| 250 | _a4th | ||
| 260 |
_aNew Delhi, India _bJaypee Brothers _c2021 |
||
| 300 | _a547 | ||
| 650 | _aPharmacology for Dentistry | ||
| 653 | _aPharmacology ; Dentistry | ||
| 942 |
_2ddc _cBK _0227 |
||
| 999 |
_c22837 _d22837 |
||